书目信息 |
| 题名: |
汽车自动变速器原理与检修
|
|
| 作者: | 胡光辉 , 仇雅莉 编著 | |
| 分册: | ||
| 出版信息: | 北京 机械工业出版社 2012.7 |
|
| 页数: | 204页 | |
| 开本: | 26cm | |
| 丛书名: | 现代汽车技术丛书 | |
| 单 册: | ||
| 中图分类: | U463.212 , U472.41 | |
| 科图分类: | ||
| 主题词: | 汽车--理论--自动变速装置 , 汽车--维修--自动变速装置 , 汽车 | |
| 电子资源: | ||
| ISBN: | 978-7-111-38386-4 | |
| 000 | 01294nam0 2200325 450 | |
| 001 | 879 | |
| 001 | 01XX08048527@CSLN | |
| 005 | 20161114095407.49 | |
| 010 | @a978-7-111-38386-4@dCNY38.00 | |
| 100 | @a20120825d2012 em y0chiy0110 ea | |
| 101 | 0 | @achi |
| 102 | @aCN@b110000@2GB2260 | |
| 105 | @aa z 000yy | |
| 200 | 1 | @a汽车自动变速器原理与检修@9qi che zi dong bian su qi yuan li yu jian xiu@f胡光辉,仇雅莉编著 |
| 205 | @a3版 | |
| 210 | @a北京@c机械工业出版社@d2012.7 | |
| 215 | @a204页@c图表@d26cm | |
| 225 | 2 | @a现代汽车技术丛书 |
| 330 | @a本书从工作实践的角度出发,结合作者多年从事教学、实践的经验,系统介绍了汽车自动变速器的基本组成、工作原理、自动变速器控制系统以及自动变速器的故障诊断和检修方法。本书根据职业岗位群所需的知识结构,以培养技术能力为主线,力求不雷同于同类型图书,做到通俗易懂,使学习过程变得轻松。 | |
| 333 | @a本书适合于汽车维修人员自学,同时也可作为高职、中专教材使用。 | |
| 461 | 0 | @12001 @a现代汽车技术丛书@x检修 |
| 606 | 0 | @a汽车@x理论@x自动变速装置 |
| 606 | 0 | @a汽车@x维修@x自动变速装置 |
| 606 | @a汽车 | |
| 690 | @aU463.212@v4 | |
| 690 | @aU472.41@v4 | |
| 701 | 0 | @a胡光辉@9hu guang hui@c(女,@f(1964~)@4编著 |
| 701 | 0 | @a仇雅莉@9qiu ya li@4编著 |
| 801 | 0 | @aCN@b大连网信软件有限公司图书馆·11@c20161114 |
| 905 | @aZUCC@dU463.212@e345=3 | |
| 汽车自动变速器原理与检修/胡光辉,仇雅莉编著.-3版.-北京:机械工业出版社,2012.7 |
| 204页:图表;26cm.-(现代汽车技术丛书) |
| 使用对象:本书适合于汽车维修人员自学,同时也可作为高职、中专教材使用。 |
| ISBN 978-7-111-38386-4:CNY38.00 |
| 本书从工作实践的角度出发,结合作者多年从事教学、实践的经验,系统介绍了汽车自动变速器的基本组成、工作原理、自动变速器控制系统以及自动变速器的故障诊断和检修方法。本书根据职业岗位群所需的知识结构,以培养技术能力为主线,力求不雷同于同类型图书,做到通俗易懂,使学习过程变得轻松。 |
| ● |
| 相关链接 |
|
|
|
|
正题名:汽车自动变速器原理与检修
索取号:U463.212/345=3
 
预约/预借
| 序号 | 登录号 | 条形码 | 馆藏地/架位号 | 状态 | 备注 |
| 1 | 907482 | 209074829 | 第二样本阅览室/ [索取号:U463.212/345=3] | 在馆 | |
| 2 | 907483 | 209074838 | 第三借阅区/ [索取号:U463.212/345=3] | 在馆 | |
| 3 | 907484 | 209074847 | 第三借阅区/ [索取号:U463.212/345=3] | 在馆 | |
| 4 | 907485 | 209074856 | 第三借阅区/ [索取号:U463.212/345=3] | 在馆 | |
| 5 | 907486 | 209074865 | 第三借阅区/ [索取号:U463.212/345=3] | 在馆 |